000
00286nam a22001337a 4500
008
180301b xxu||||| |||| 00| 0 eng d
020
_a
0804717796
041
_a
eng
080
_a
572
100
_a
24
101
_a
ANT
245
_a
Power& difference
_c
Atkinson,J.M
942
_2
udc
_c
BK
999
_c
43845
_d
43845